000 00748nam a2200181 4500
001 143110
003 ES-MaACL
005 20230906200728.0
007 t|
008 070214s1969 sp r ||||1| spa d
111 2 _aSemana Nacional del Ganado Porcino y sus Industrias (
_d1967.
_cBarcelona)
_9135202
245 1 0 _aSemana Nacional del Ganado Porcino y sus Industrias
_b: 1967 diciembre, Palacio de las Naciones, de la Feria de Muestras de la Ciudad Condal.
260 _aBarcelona :
_b[s.n.],
_c1969.
300 _aV, 542 p., 7 lám. ;
_c24 cm.
500 _aPrecede al tít.: Ministerio de Agricultura. Dirección General de Ganadería.
710 0 0 _aEspaña.
_bDirección General de Ganadería.
_93738
852 _aES-MaACL
_jC-42293
_bR.70867
999 _c143110
_d143110